| 000 | 00937nam a22002417a 4500 | ||
|---|---|---|---|
| 005 | 20210325181204.0 | ||
| 008 | s2545 th tha d | ||
| 020 | _a9747798638 | ||
| 041 | _atha | ||
| 050 | _aS900 บ214ส 2545 | ||
| 100 | 0 | _aบราวน์, เลสเตอร์ อาร์ | |
| 245 | 1 | 0 | _aสภาวการณ์โลก 2000 |
| 246 | _aState of the world 2000 | ||
| 260 | 3 |
_aกรุงเทพฯ : _bคบไฟ, _c2545 |
|
| 300 |
_a352 หน้า : _b ตาราง ; _c 21 ซม. |
||
| 650 | 0 | 4 | _aการเปลี่ยนแปลงทางสังคม |
| 650 | 0 | 4 | _aสิ่งแวดล้อม -- 2543 |
| 650 | 0 | 4 | _aสิ่งแวดล้อม -- ผลกระทบจากการเปลี่ยนแปลงทางสังคม |
| 850 | _aNALT | ||
| 942 | _cGB | ||
| 997 | _c000000000011229 | ||
| 998 | _aSANG-AROON ANU-KRAUGH | ||
| 999 |
_c11229 _d11229 |
||